Регионална библиотека "Любен Каравелов" - Русе

Смърт (Запис номер 420744)

MARC детайли
000 -Лидер
Контролно поле с фиксирана дължина nam a22 a 4500
003 - Код на организацията, давaща контролен номер
Контролно поле BLK
005 - Дата и час на последна редакция
Контролно поле 20210621152953.0
008 - Елементи от данни с фиксирана дължина
fixed length control field 210621b bul|||||r ||||||| ||bul||
040 ## - Източник на каталожния запис
Идентификатор на билиотеката - собственик на записа BLK
041 ## - Код за език
Код за езика на текст/звукозапис или на отделно заглавие Български
Код за езика КДБФ Български
080 ## - УДК
Текстов определител УДК Австрийска литература
УДК код - определител по УДК 821.112(436)
УДК - код + определител 821.112(436)-32
100 1# - Редна дума - Автор
Автор Шницлер, Артур
Авторска отговорност първи автор
R(LIN) 143850
139 ## - Редно поле
Редна дума Шницлер, Артур
245 10 - Сведения за заглавието
Заглавие Смърт
Подзаглавни данни Повест
Редно поле (дума) Артур Шницлер; прев. под ред. на Георги Бакалов.
250 ## - Област на изданието
Сведения за изданието [3.] изд
257 ## - Страна на издаване
Страна на създаване/издаване България
260 ## - Област на издателските данни
Място на издаване, разпространение и проч. София
Име на издателя, разпространителя и проч. Хемус
Година на издаване [1918]
300 ## - Физическа характеристика
Страници 130 с.
Размери/Мащаб 18 см
380 ## - Жанр
Жанр Худож. лит.
490 ## - СЕРИИ (Колекции)
Име на серия Универсална библиотека Хемус
№: серия N 24
9 (RLIN) 205603
500 ## - Общи забележки
Забележка В кн. означено 2. изд. (Цена в кумул.) : 3 лв.
700 1# - Други автори (авторска отговорност)
Лично име Бакалов, Георги
Автороска отговорност (Описва отношението между автора и произведението) прев. под ред. на
9 (RLIN) 396574
852 ## - Местоположение
Форматна сигнатура Цб 8.160.4990
999 ## - СИСТЕМНИ КОНТРОЛНИ НОМЕРА
Koha biblionumber 420744
Koha biblioitemnumber 420744
942 ## - АРТИКУЛИ
Вид на библиотечния материал Книги
Скрит в OPAC Не
Периодичен библиозапис Да
944 ## - СЪЗДАВАНЕ И РЕДАКЦИЯ на ЗАПИСА
Създаване/Редакция Създаване
Дата на регистрацията/редакция 2021-06-21
Служител, извършил регистрацията/редакцията ВР
Наличности
Код за отписване Код за изгубен артикул Източник на класификационната схема Код за повреда Коз за рестрикции Код за отдаване Артикулен № Име на библиотеката - собственик Име на библиотеката, в която се намира в момента Статус (Текущо местоположение) Дата на вписване в системата Местоположение - отдел Цена в лева Инвентарен номер Систематично азбучна сигнатура Баркод Цена в евро Служебен тип на артикула
  Не е изгубен Universal Decimal Classification Не е повреден само за читалня ползва се в читалня 838816 Регионална библиотека "Любен Каравелов" Русе Регионална библиотека "Любен Каравелов" Русе Хранилище 2021-06-23 Основен фонд - ползва се само за читалня 0.10 4990 Цб 8.160.4990 900000066217 0.05 Книги
Vip Innovations Ltd, Rousse, Bulgaria 2025